| 000 | 01079nam a22003017a 4500 | ||
|---|---|---|---|
| 001 | 3365 | ||
| 003 | FISKH | ||
| 005 | 20240229113706.0 | ||
| 008 | 240229b cb ||||| |||| 00| 0 eng d | ||
| 020 | _a9780590444903 | ||
| 040 |
_aFISKH _beng _cFISKH _dFISKH |
||
| 050 | _aPZ7 | ||
| 082 | _a833.914 | ||
| 100 | _aPfister, Marcus | ||
| 245 |
_aSun and moon / _cby Marcus Pfister |
||
| 250 | _aFirst Scholastic printing, March 1991 | ||
| 260 |
_aNew York : _bScholastic, _c1990 |
||
| 300 |
_a30 unnumbered pages : _bcolor illustrations ; _c29 cm . |
||
| 505 | _aN | ||
| 520 | _aThe creator of Rainbow Fish offers a fanciful explanation of eclipses in this simple story of the friendship of the sun and the moon, illustrated in vivid colors and bold shapes and patterns. An eye-catching and entertaining book, now available in a Spanish language edition. | ||
| 521 | 8 |
_a580
_bLexile |
|
| 521 | 8 |
_aN
_bRaz-Plus |
|
| 600 |
_2sun _vFiction |
||
| 650 |
_amoon _vFiction |
||
| 700 |
_aLanning, Rosemary _etransltor |
||
| 942 |
_2ddc _cBK _n0 |
||
| 999 |
_c3365 _d3365 |
||